| 000 | 00680nam a2200217Ia 4500 | ||
|---|---|---|---|
| 005 | 20230102143029.0 | ||
| 008 | 131103s9999 xx 000 0 und d | ||
| 020 |
_a737702028 _cRs.1921.00 |
||
| 040 | _aLoreto College | ||
| 041 | _aEnglish | ||
| 082 |
_a810.9 _bHUR |
||
| 245 |
_aAmerican romanticism _cJennifer A.Hurley,book editor |
||
| 260 |
_aSan Diego _bGreenhaven Press _c2000 |
||
| 300 | _a176p | ||
| 504 | _aIncludes bibliographical references and index | ||
| 650 | _aAmerican literature-19th century-History and criticism | ||
| 651 | _aAmerican literature-Romanticism-History and criticism | ||
| 700 | _aHurley,Jennifer A.,ed. | ||
| 850 | _aLCLIB | ||
| 942 | _cBK | ||
| 999 |
_c37771 _d88250 |
||